| 000 | 01236cam a22002774a 4500 | ||
|---|---|---|---|
| 001 | 12851749 | ||
| 005 | 20030325095251.0 | ||
| 008 | 020712s2003 enka b 001 0 eng | ||
| 010 | _a 2007027886 | ||
| 020 | _a9780273704140 | ||
| 040 |
_aDLC _cDLC _dDLC |
||
| 042 | _apcc | ||
| 050 | 0 | 0 |
_aHD58.8 _b.C36 2007 |
| 100 | 1 |
_aCarnall, Colin. _q(Colin A.) |
|
| 245 | 1 | 0 |
_aManaging change in organizations / _cColin A. Carnall. |
| 250 | _a5th ed. | ||
| 260 |
_aHarlow, England ; _aNew York : _bFinancial Times/Prentice Hall, _cc2003. |
||
| 300 |
_axvi, 365 p. : _bill. ; _c24 cm. |
||
| 504 | _aIncludes bibliographical references and index. | ||
| 650 | 0 |
_aOrganizational change _xManagement. |
|
| 906 |
_a7 _bcbc _corignew _d1 _eocip _f20 _gy-gencatlg |
||
| 942 |
_2lcc _cBK |
||
| 999 |
_c35865 _d35865 |
||